00739nam a2200205Ia 4500008004100000040001900041041001200060082002300072100001800095245003800113260004500151300004200196440007000238504005000308650002900358850001000387942000700397999001600404952011300420131103s9999 xx 000 0 und d aLoreto College aEnglish a954.02/MAJbLCLIB/ aMajumdar,R.C. 4aThe Delhi SultanatecR.C.Majumdar aBombaybBharatiya Vidya Bhavanc[19 - ?] axxxviii,882 p.b maps,platesc 23 cm. aBharatiya Vidya Bhavan's History and Culture of the Indian People aIncludes index and bibliographical references aHistory - Medieval India aLCLIB cBK c9450d59929 01102ddc4070aMAINbMAINd2013-11-04l2o954.02/MAJ LCLIB/pB9327r2016-01-29s2016-01-29w2013-11-04yBK